000 00629nam a22002175i 4500
001 168823
003 ES-MaACL
005 20230906213912.0
008 080612s1974 fr |||| | fre d
080 _a929 Satie, Erik
080 _a78 Satie, Erid
100 1 _aRey, Anne.
_9137941
245 1 0 _aErik Satie /
_cAnne Rey.
260 _aParis :
_bSeuil,
_c[1974]
300 _a190 p. :
_bil. ;
_c18 cm.
490 1 _aSolfèges ;
_v35
600 1 4 _aSatie, Erik.
_9137944
830 0 _aSolfèges ;
_v35
_9222765
852 _aES-MaACL
_jE-12187
_9R.190394
_z.- Biblioteca Jacinto Martínez Lacalle
999 _c168823
_d168823